[Event "SRB-chT2 East CS"]
[Site "Kragujevac"]
[Date "2016.08.27"]
[Round "2.32"]
[White "Dinev, Dejan"]
[Black "Stefanovic, Vladimir"]
[Result "1-0"]
[WhiteElo "2292"]
[BlackElo "2223"]
[PlyCount "89"]
[EventDate "2016.08.26"]
[EventType "team-tourn"]
[EventRounds "11"]
[EventCountry "SRB"]
[SourceTitle "EXT 2021"]
[Source "ChessBase"]
[SourceDate "2020.10.23"]
[SourceVersion "1"]
[SourceVersionDate "2020.10.23"]
[SourceQuality "1"]

1. d4 Nf6 2. Nf3 g6 3. e3 Bg7 4. Bd3 0-0 5. 0-0 d6 6. Re1 c5 7. c3 Nc6 8. Nbd2 b6 9. h3 Bb7 10. Qa4 a6 11. e4 cxd4 12. cxd4 Nh5 13. d5 Ne5 14. Nxe5 dxe5 15. Qb3 Nf4 16. Bf1 Bc8 17. Nf3 e6 18. Be3 exd5 19. Bxb6 Qf6 20. Bc7 Qe7 21. Ba5 dxe4 22. Bb4 Qf6 23. Bxf8 exf3 24. Bxg7 Kxg7 25. Qxf3 Nxh3+ 26. Kh2 Nxf2 27. Qxf6+ Kxf6 28. Rac1 Ng4+ 29. Kg3 Kg5 30. Be2 Nh6 31. Bf3 Rb8 32. Rxe5+ Nf5+ 33. Kh2 Bb7 34. Bxb7 Rxb7 35. b3 Rb6 36. Rc4 h5 37. Ra5 Rd6 38. Rc7 f6 39. Ra7 h4 40. R7xa6 Rd1 41. Rc6 Rb1 42. Rb6 Rf1 43. a4 Rb1 44. Rab5 Rb2 45. a5 1-0

[Event "Jagodina op 7th"]
[Site "Jagodina"]
[Date "2014.03.10"]
[Round "6"]
[White "Cvetanovic, Uros"]
[Black "Stefanovic, Vladimir"]
[Result "1/2-1/2"]
[WhiteElo "2296"]
[BlackElo "2201"]
[PlyCount "47"]
[EventDate "2014.03.07"]
[EventType "swiss"]
[EventRounds "9"]
[EventCountry "SRB"]
[SourceTitle "CBM 159 Extra"]
[Source "ChessBase"]
[SourceDate "2014.04.24"]
[SourceVersion "1"]
[SourceVersionDate "2014.04.24"]
[SourceQuality "1"]

1. e4 c5 2. Nf3 Nc6 3. Bb5 d6 4. 0-0 Bd7 5. Re1 Nf6 6. Bxc6 Bxc6 7. e5 dxe5 8. Nxe5 Qd5 9. Nxc6 Qxc6 10. d3 e6 11. Nd2 Be7 12. Nc4 0-0 13. a4 Nd5 14. Ne5 Qc7 15. Qg4 Bf6 16. Nc4 Rad8 17. Bg5 Bxg5 18. Qxg5 Qf4 19. Qxf4 Nxf4 20. Ne3 Nd5 21. Nxd5 Rxd5 22. Ra3 Rc8 23. Re4 g6 24. g3 1/2-1/2

[Event "Paracin-ch"]
[Site "Paracin"]
[Date "2014.01.12"]
[Round "4"]
[White "Kojovic, Dragan"]
[Black "Stefanovic, Vladimir"]
[Result "1-0"]
[WhiteElo "2399"]
[BlackElo "2201"]
[PlyCount "67"]
[EventDate "2014.01.10"]
[EventType "swiss"]
[EventRounds "9"]
[EventCountry "SRB"]
[SourceTitle "CBM 158 Extra"]
[Source "ChessBase"]
[SourceDate "2014.02.28"]
[SourceVersion "1"]
[SourceVersionDate "2014.02.28"]
[SourceQuality "1"]

1. e4 c5 2. Nf3 d6 3. Bb5+ Nc6 4. 0-0 Bd7 5. Re1 Nf6 6. c3 a6 7. Bf1 Bg4 8. h3 Bxf3 9. Qxf3 g6 10. d3 Bg7 11. Nd2 0-0 12. Qd1 b5 13. Nf3 b4 14. d4 cxd4 15. cxd4 d5 16. e5 Ne4 17. Be3 f6 18. Qa4 Qb6 19. Rac1 Rfc8 20. Bd3 Na5 21. exf6 exf6 22. Bf4 g5 23. Qd7 Qb7 24. Qxb7 Nxb7 25. Rxc8+ Rxc8 26. Bxa6 gxf4 27. Bxb7 Rd8 28. Bxd5+ Rxd5 29. Rxe4 Ra5 30. a3 f5 31. Rxf4 b3 32. Nd2 Rb5 33. Rf3 Bxd4 34. Rxb3 1-0